000 00429cam a2200169ua 4500
020 _c1.50
041 _amal
_h
082 _a530
_bKES/BH
100 _aKesavan Namboodiri, Kurumapilli .
245 _aBhowthikasasthram kuttikalkku /
_cKesavan Namboodiri.
_hTextual Documents
260 _aThrissur :
_bCurrent Books ,
_c1960.
300 _a115 ; .
365 _a1.50
504 _a
942 _cBK
999 _c726
_d726